قصة علم النفس : (رقم التسجيلة. 246971)
[ عرض عادي ]
| 000 -الفاتح | |
|---|---|
| عناصر البيانات ثابتة الطول | 01046nam a2200277 i 4500 |
| 005 - تاريخ ووقت آخر معاملة | |
| حقل ضبط | 20251108191211.0 |
| 008 - عناصر البيانات ثابتة الطول | |
| عناصر البيانات ثابتة الطول | 250906s2020 jo ||||gr|||| 00| 0 ara d |
| 020 ## - الترقيم الدولي المعياري للكتب (ردمك) | |
| الترقيم الدولي المعياري للكتب (ردمك) | 9789957620882 |
| 040 ## - مصدر الفهرسة | |
| هيئة الفهرسة الأصلية | JO-AmGAM |
| قواعد الوصف | rda |
| 041 1# - كود اللغة | |
| كود اللغة لنص/مسار صوت أو عنوان منفصل | ara |
| كود اللغة للأصل | eng |
| 082 14 - رقم تصنيف ديوي العشري | |
| رقم التصنيف | 150.1 |
| رقم المادة | ر و ن |
| 100 1# - مدخل رئيسي – اسم شخصي | |
| الاسم الشخصي | روني، آن |
| علاقة الشخص بالعمل/ دوره | مؤلف. |
| 240 14 - عنوان مقنن | |
| عنوان مقنن | THE STORY OF PSYCHOLOGY. |
| 245 10 - بيان العنوان | |
| العنوان | قصة علم النفس : |
| بقية العنوان | من الارواح الى العلاج النفسي : تتبع العقل عبر العصور / |
| بيان المسؤولية | آن روني ؛ ترجمة مها حسن ؛ تقديم تولين زلاطيمو. |
| 250 ## - بيان الطبعة | |
| بيان الطبعة | الطبعة الاولى. |
| 264 31 - بيانات النشر، التوزيع…إلخ | |
| مكان النشر، التوزيع...إلخ | عمان : |
| اسم الناشر، الموزع...إلخ | البيروني للنشر والتوزيع، |
| تاريخ النشر، التوزيع...إلخ | 2020. |
| 300 ## - الوصف المادي | |
| عدد الوحدات المكونة للوعاء | 207 صفحة. |
| 336 ## - نوع المحتوى | |
| المصدر | rdacontent |
| مصطلح نوع المحتوى | نص |
| كود نوع المحتوى | txt |
| 337 ## - نوع الوسيط | |
| المصدر | rdamedia |
| مصطلح نوع الوسيط | دون وسيط عرض |
| كود نوع الوسيط | n |
| 338 ## - نوع الحامل | |
| المصدر | rdacarrier |
| مصطلح نوع الحامل | مجلد |
| كود نوع الحامل | nc |
| 650 17 - مدخل إضافي بالموضوع - مصطلح موضوعي | |
| مصطلح موضوعي أو اسم جغرافي كعنصر مدخل | علم النفس. |
| 700 1# - مدخل إضافي - اسم شخصي | |
| الاسم الشخصي | حسن، مها |
| علاقة الشخص بالعمل/ دوره | ترجمة. |
| 700 1# - مدخل إضافي - اسم شخصي | |
| الاسم الشخصي | زلاطيمو، تولين |
| علاقة الشخص بالعمل/ دوره | تولين. |
| 942 ## - بيانات إضافية (كوها) | |
| نوع المادة (كوها) | كتب |
| نوع التنصيف | Dewey Decimal Classification |
| حالة السحب | حالة الفقدان | مصدر التصنيف | حالة التلف | غير قابل للإعارة | المكتبة الرئيسية | المكتبة الحالية | تاريخ التزويد | مصدر التزويد | العملة | التكلفة، سعر الشراء العادي | الرقم المتسلسل | Total Checkouts | رقم الإستدعاء | الباركود | تاريخ آخر ظهور | التكلفة وسعر الاستبدال | تاريخ الفاتورة | نوع المادة (كوها) |
|---|---|---|---|---|---|---|---|---|---|---|---|---|---|---|---|---|---|---|
| Dewey Decimal Classification | المكتبة المركزية | المكتبة المركزية | 01/10/2025 | 22 | JOD | 10.00 | 1796360 | 150.1 ر و ن | PLD00517169 | 01/10/2025 | 10.00 | 01/10/2025 | كتب | |||||
| Dewey Decimal Classification | مكتبة أم قصير والمقابلين العامة | مكتبة أم قصير والمقابلين العامة | 01/10/2025 | 22 | JOD | 10.00 | 1796364 | 150.1 ر و ن | PLD00517173 | 01/10/2025 | 10.00 | 01/10/2025 | كتب | |||||
| Dewey Decimal Classification | مكتبة الأميرة ايمان العامة | مكتبة الأميرة ايمان العامة | 01/10/2025 | 22 | JOD | 10.00 | 1796361 | 150.1 ر و ن | PLD00517170 | 01/10/2025 | 10.00 | 01/10/2025 | كتب | |||||
| Dewey Decimal Classification | مكتبة صويلح العامة | مكتبة صويلح العامة | 01/10/2025 | 22 | JOD | 10.00 | 1796363 | 150.1 ر و ن | PLD00517172 | 01/10/2025 | 10.00 | 01/10/2025 | كتب | |||||
| Dewey Decimal Classification | مكتبة وادي السير العامة | مكتبة وادي السير العامة | 01/10/2025 | 22 | JOD | 10.00 | 1796362 | 150.1 ر و ن | PLD00517171 | 01/10/2025 | 10.00 | 01/10/2025 | كتب |